Legal decisions affecting bankers, vol 9, 1967-1976. / (Record no. 4378)

MARC details
000 -LEADER
fixed length control field 00487nam a22001577a 4500
008 - FIXED-LENGTH DATA ELEMENTS--GENERAL INFORMATION
fixed length control field 140905b xxu||||| |||| 00| 0 eng d
020 ## - INTERNATIONAL STANDARD BOOK NUMBER
International Standard Book Number 0406923655
050 ## - LIBRARY OF CONGRESS CALL NUMBER
Classification number KD1715.A52 L44(vol 9)
245 ## - TITLE STATEMENT
Title Legal decisions affecting bankers, vol 9, 1967-1976. /
Statement of responsibility, etc. edited by T.G. Reeday and P.E. Smart
260 ## - PUBLICATION, DISTRIBUTION, ETC.
Place of publication, distribution, etc. Stevenage,England:
Name of publisher, distributor, etc. Pear Tree,
Date of publication, distribution, etc. 1987.
300 ## - PHYSICAL DESCRIPTION
Extent xxii,460p.:
Dimensions 24cm
440 ## - SERIES STATEMENT/ADDED ENTRY--TITLE
Volume/sequential designation Vol 9, 1967-1976
700 ## - ADDED ENTRY--PERSONAL NAME
Personal name Reeday, T.G.
700 ## - ADDED ENTRY--PERSONAL NAME
Personal name Smart, P.E.
942 ## - ADDED ENTRY ELEMENTS (KOHA)
Source of classification or shelving scheme Library of Congress Classification
Koha item type Books
Holdings
Withdrawn status Lost status Source of classification or shelving scheme Damaged status Not for loan Home library Current library Shelving location Date acquired Total Checkouts Full call number Barcode Date last seen Price effective from Koha item type
    Library of Congress Classification     WISCONSIN INTERNATIONAL UNIVERSITY COLLEGE, GHANA - MAIN LIBRARY WISCONSIN INTERNATIONAL UNIVERSITY COLLEGE, GHANA - MAIN LIBRARY Law Library 05/09/2014   KD1715.A52 L44(1987 vol 9) 296/13 05/09/2014 05/09/2014 Books
    Library of Congress Classification     WISCONSIN INTERNATIONAL UNIVERSITY COLLEGE, GHANA - MAIN LIBRARY WISCONSIN INTERNATIONAL UNIVERSITY COLLEGE, GHANA - MAIN LIBRARY Law Library 05/09/2014   KD1715.A52 L44(1987 vol 9 ) 297/2/13 05/09/2014 05/09/2014 Books

If you have any concerns or questions; kindly contact the library


© Powered by WIUC ICT DIRECTORATE